000 00960nam a2200277 a 4500
001 000006846
003 DO-SdBNP
005 20250703115621.0
008 090903s1975 dr a 000 0 spa d
040 _aDO-SdBNP
_bspa
_cBNPHU
049 _aBNPD
082 _a370
_bH557t
100 1 _aHernández Disla, Pablo María,
_d1942-
_911
245 1 0 _aTemas pedagógicos de actualidad /
_cPablo María Hernández Disla ; prólogo Jacobo Moquete de la Rosa.
260 _aSanto Domingo :
_bEducativa Dominicana,
_c1975.
300 _a232 p. :
_bil. ;
_c21 cm.
504 _aIncluye referencias bibliográficas y notas al pie de las páginas.
504 _aBibliografía : p. 231-232.
650 0 _aPedagogía
_9693
650 7 _aEducación y estado
_951256
650 0 _aEducación
_951588
650 4 _aDesarrollo educativo
_910501
700 1 _aMoquete de la Rosa, Jacobo,
_epról.
_91678
910 _aValidado. Control de calidad BNPHU
942 _2ddc
_cLBS1
999 _c6634
_d6634